000
00317nam a22001217a 4500
008
160523b xxu||||| |||| 00| 0 eng d
020
_a
9780766807150
020
_a
0766807150
041
_a
eng
080
_a
618.2
245
_a
Nursing skills:
_c
Gaylene Bouska Altman; Patrica Buchsel; Valerie Coxon;
942
_2
udc
_c
BK
999
_c
2369
_d
2369